000 00613cam a22002173a 4500
001 39167
003 PGUSA
005 20140828083853.0
008 120316s2012||||xxu|||||s|||||000 | eng d
040 _aPGUSA
_beng
042 _adc
100 1 _aMolesworth,
_cMrs,
_d1839-1921
245 1 0 _aFairies Afield
_h[electronic resource] /
_cMolesworth,
260 _bProject Gutenberg,
_c2012
506 _aPublic domain in the USA.
516 _aElectronic text
700 1 _aHammond, Gertrude Demain,
_d-1934
830 0 _aProject Gutenberg
_v39167
856 4 0 _uhttp://www.gutenberg.org/ebooks/39167
942 _cEB
999 _c268420
_d268420